00346 2200145 4500001002100000008004100021035002000062245002600082260002700108300002000135084001400155082000800169650001000177990001300187INLIS000000000000441 ind  a0010-0921000441 aRagnarokcGameStation aBandungbMegindoc2004 a256c14 x 21 cm a791 GAM r a791 aKomik aDI. 2608